Normale Ansicht MARC-Ansicht ISBD

Tajnaja straža Rossii (Titelsatznr. 61457)

[ MARC ]
MARC-Details
000 -Satzkennung
Kontrollfeld mit fester Länge 01467nad a2200409 cc4500
001 - Kontrollnummer
Kontrollfeld DHIM2023011220410003
003 - Kontrollnummer Identifier
Kontrollfeld DE-604
005 - Datum und Zeit der letzten Transaktion
Kontrollfeld 20230201124700.0
007 - Feld mit fester Länge zur physischen Beschreibung - Allgemeine Information
Kontrollfeld mit fester Länge tu
008 - Feld mit fester Länge zur physischen Beschreibung - Allgemeine Angaben
Kontrollfeld mit fester Länge 190121m2017uuuu |||| 00||| rus d
020 ## - Internationale Standardbuchnummer
Internationale Standardbuchnummer 9785001802631
035 ## - Systemkontrollnummer
System-Kontrollnummer (DE-599)BVBBV045416337
040 ## - Katalogisierungsquelle
Original-Katalogisierungsstelle DE-604
Katalogisierungssprache ger
Übertragungsstelle RU-10907106
041 0# - Sprachcode
Sprachcode des Textes/der Tonspur oder des separaten Titels rus
245 10 - Titel
Titel Tajnaja straža Rossii
Zusatz zum Titel očerki istorii otečestvennych organov gosbezopasnosti
Verfasserangabe etc. Popov A. Ju. avtor-sostavitelʹ
Zählung des Teils/der Abteilung eines Werkes Kniga 5
264 #1 - Produktion, Veröffentlichung, Distribution, Herstellung und Urheberrechtsvermerk
Herstellungs-, Veröffentlichungs- Vertriebs-, Erzeugungsort Moskva
Produzent, Herausgeber, Distributor, Hersteller Algoritm
Datum der Herstellung, der Veröffentlichung, des Vertriebs oder des Urheberschutzvermerks 2022
300 ## - Physische Beschreibung
Umfang 646 Seiten
336 ## - Inhaltstyp
Inhaltstypterm Text
Inhaltstypcode txt
Quelle rdacontent
337 ## - Medientyp
Bezeichnung des Medientyps ohne Hilfsmittel zu benutzen
Medientypcode n
Quelle rdamedia
338 ## - Datenträgertyp
Datenträgertypbezeichnung Band
Datenträgertypcode nc
Quelle rdacarrier
500 ## - Allgemeine Fußnote
Allgemeine Fußnote Bandzählung erst bei Band 2
610 27 - Nebeneintragung unter einem Schlagwort - Körperschaftsname
Körperschafts- oder Gebietskörperschaftsname als Eintragungselement Sowjetunion
Untergeordnete Körperschaft Komitet Gosudarstvennoj Bezopasnosti
IDN des Normdatensatzes oder Standardnummer (DE-588)2101272-6
Quelle der Ansetzung oder des Terms gnd
Koha-Normdatenidentnummer rswk-swf
648 #7 - Nebeneintragung unter einem Schlagwort - Zeitschlagwort
Zeitschlagwort Geschichte 1890-1956
Quelle der Ansetzung oder des Terms gnd
Koha-Normdatenidentnummer rswk-swf
650 07 - Nebeneintragung unter einem Schlagwort - Sachschlagwort
Sachschlagwort oder geografischer Name als Eintragungselement Spionage
IDN des Normdatensatzes oder Standardnummer (DE-588)4056287-6
Quelle der Ansetzung oder des Terms gnd
Koha-Normdatenidentnummer rswk-swf
650 07 - Nebeneintragung unter einem Schlagwort - Sachschlagwort
Sachschlagwort oder geografischer Name als Eintragungselement Geheimdienst
IDN des Normdatensatzes oder Standardnummer (DE-588)4019737-2
Quelle der Ansetzung oder des Terms gnd
Koha-Normdatenidentnummer rswk-swf
650 07 - Nebeneintragung unter einem Schlagwort - Sachschlagwort
Sachschlagwort oder geografischer Name als Eintragungselement Innere Sicherheit
IDN des Normdatensatzes oder Standardnummer (DE-588)4127888-4
Quelle der Ansetzung oder des Terms gnd
Koha-Normdatenidentnummer rswk-swf
651 #7 - Nebeneintragung unter einem Schlagwort - Geografischer Name
Geografischer Name Sowjetunion
IDN des Normdatensatzes oder Standardnummer (DE-588)4077548-3
Quelle der Ansetzung oder des Terms gnd
Koha-Normdatenidentnummer rswk-swf
651 #7 - Nebeneintragung unter einem Schlagwort - Geografischer Name
Geografischer Name Russland
IDN des Normdatensatzes oder Standardnummer (DE-588)4076899-5
Quelle der Ansetzung oder des Terms gnd
Koha-Normdatenidentnummer rswk-swf
700 1# - Nebeneintragung - Personenname
Personenname Popov, Aleksej Jurʹevič
Funktionsbezeichnung Herausgeber
IDN des Normdatensatzes oder Standardnummer (DE-588)1012954803
Funktionsbezeichnungscode edt
Koha-Normdatenidentnummer 19252
773 08 - Übergeordnete Einheit
Zählung und erste Seite Kniga5
Datensatzkontrollnummer BV045416337
942 11 - Zusätzliche Felder (Koha)
Koha-Medientyp Monographien
Ausgabe 22/bsb
Klassifikation oder Aufstellungssystematik Andere/Generische Klassifikation
942 11 - Zusätzliche Felder (Koha)
Ausgabe 22/bsb
Klassifikation oder Aufstellungssystematik Andere/Generische Klassifikation
942 11 - Zusätzliche Felder (Koha)
Ausgabe 22/bsb
Klassifikation oder Aufstellungssystematik Andere/Generische Klassifikation
942 11 - Zusätzliche Felder (Koha)
Ausgabe 22/bsb
Klassifikation oder Aufstellungssystematik Andere/Generische Klassifikation
942 11 - Zusätzliche Felder (Koha)
Ausgabe 22/bsb
Klassifikation oder Aufstellungssystematik Andere/Generische Klassifikation
942 11 - Zusätzliche Felder (Koha)
Ausgabe 22/bsb
Klassifikation oder Aufstellungssystematik Andere/Generische Klassifikation
Exemplare
Ausgeschieden Verloren Klassifikation oder Aufstellungssystematik Beschädigt Nicht entleihbar Heimatbibliothek Aufenthaltsbibliothek Aufstellungsort Erwerbungsdatum Inventarnummer Signatur Barcode Letzte Aktivität Preis gültig von Koha-Medientyp
    Andere/Generische Klassifikation     MWN Osteuropa MWN Osteuropa Magazin - 2 17/01/2023 23-00630 R 60 hd Pop 1 (5) E0040108080126F8 17/01/2023 17/01/2023 Monographien